Open Data Biblioteca Nacional de Portugal


República Portuguesa: Ministério da Cultura
Biblioteca Nacional de Portugal

Catálogo da BNP: acesso por Identificadores Unívocos
Registos Bibliográficos associados ao registo de autoridade

Etiqueta de registo: 00000nam 2200025 450
001 2282241
003 http://id.bnportugal.gov.pt/bib/catbnp/2282241
100 ## $a20260320d2025 k y0pory01030103ba
101 0# $aeng$dpor
102 ## $aPT
105 ## $aa m 000yy
106 ## $ar
200 1# $aProteção UV em embalagens de vidro incolores e transparentes$dUV - blocking for colourless and transparent glass packaging$fMariana Rodrigues Ferreira da Silva$gorient. Paula Celeste da Silva Ferreira, Paula Maria Lousada Silveirinha Vilarinho, Cristina Aurora Ferreira da Silva$zeng
210 #9 $aAveiro$c[s.n.],$d2025
215 ## $a[7] f., 230 p.$cil.$d30 cm
328 #1 $aTese dout. Nanociências e Nanotecnologia, Universidade de Aveiro, 2025
510 1# $aUV - blocking for colourless and transparent glass packaging$zeng
675 ## $a620.3(043)$vBN$zpor$31386155
700 #1 $aSilva,$bMariana Rodrigues Ferreira da$31992827
702 #1 $aFerreira,$bPaula Celeste da Silva$4727$31000461
702 #1 $aVilarinho,$bPaula Maria Lousada Silveirinha,$f1959-$4727$3175496
702 #1 $aSilva,$bCristina Aurora Ferreira da$4727$31992828
801 #0 $aPT$bBN$gRPC
966 ## $lBN$mFGMON$sS.A. 193593 V.$x1
971 ## $corlando$d20260320
972 ## $e0$z0$d20260427$vlrevez
973 ## $cmlsousa$d20260416

OpendataBNP@bnportugal.pt | Mais informação sobre acesso aos dados BNP